Destructive and useful insects : (Record no. 55490)
[ view plain ]
| 000 -LEADER | |
|---|---|
| fixed length control field | 01098nam a2200301 a 4500 |
| 001 - CONTROL NUMBER | |
| control field | 55490 |
| 003 - CONTROL NUMBER IDENTIFIER | |
| rucl marc code | BD-RjUL |
| 005 - DATE AND TIME OF LATEST TRANSACTION | |
| control field | 20211209080255.0 |
| 008 - FIXED-LENGTH DATA ELEMENTS--GENERAL INFORMATION | |
| fixed length control field | 161119s19621928nyup|||| |||| 001 0 eng d |
| 035 ## - SYSTEM CONTROL NUMBER | |
| System control number | (BD-RjUL)55613 |
| 040 ## - CATALOGING SOURCE | |
| Modifying agency | BD-RjUL |
| Original cataloging agency | BD-RjUL |
| Language of cataloging | eng |
| Transcribing agency | BD-RjUL |
| 041 ## - LANGUAGE CODE | |
| Language code of text/sound track or separate title | eng |
| 082 ## - DEWEY DECIMAL CLASSIFICATION NUMBER | |
| Classification number | 632.7 |
| Edition number | 23 |
| Author mark and year | MED 1962 |
| 100 1# - MAIN ENTRY--PERSONAL NAME | |
| Personal name | Metcalf, C. L. |
| Fuller form of name | (Clell Lee), |
| Dates associated with a name | 1888-1948. |
| 9 (RLIN) | 165304 |
| 245 10 - TITLE STATEMENT | |
| Title | Destructive and useful insects : |
| Remainder of title | their habits and control / |
| Statement of responsibility, etc. | C.L. Metcalf ; W.P. Flint ; revised by R.L. Metcalf. |
| 250 ## - EDITION STATEMENT | |
| Edition statement | 4th ed. |
| 260 ## - PUBLICATION, DISTRIBUTION, ETC. (IMPRINT) | |
| Place of publication, distribution, etc. | New York : |
| Name of publisher, distributor, etc. | McGraw-Hill, |
| Date of publication, distribution, etc. | c1962. |
| 300 ## - PHYSICAL DESCRIPTION | |
| Pagination | xii, 1087 p. : |
| Illustrations | ill. ; |
| Size | 24 cm. |
| 490 ## - SERIES STATEMENT | |
| Series statement | McGraw-Hill publications in the agricultural sciences. |
| 500 ## - GENERAL NOTE | |
| General note | Includes index. |
| 650 #0 - SUBJECT ADDED ENTRY--TOPICAL TERM | |
| Topical term or geographic name as entry element | Insect pests. |
| 9 (RLIN) | 165305 |
| Topical term or geographic name as entry element | Beneficial insects. |
| 9 (RLIN) | 144767 |
| Topical term or geographic name as entry element | Insectes nuisibles. |
| 9 (RLIN) | 165306 |
| 700 1# - ADDED ENTRY--PERSONAL NAME | |
| Personal name | Flint, W. P. |
| Fuller form of name | (Wesley Pillsbury), |
| Dates associated with a name | 1882-1943. |
| Personal name | Metcalf, Robert L. |
| Fuller form of name | (Robert Lee), |
| Dates associated with a name | 1916-1998. |
| 830 #0 - SERIES ADDED ENTRY--UNIFORM TITLE | |
| Uniform title | McGraw-Hill publications in the agricultural sciences |
| 942 ## - ADDED ENTRY ELEMENTS (KOHA) | |
| Source of classification or shelving scheme | Dewey Decimal Classification |
| Koha item type | Books |
| Lost status | Source of classification or shelving scheme | Damaged status | Not for loan | Collection code | Permanent Location | Current Location | Shelving location | Date acquired | Source of acquisition | Cost, normal purchase price | Total Checkouts | Full call number | Date last seen | Copy number | Koha item type |
|---|---|---|---|---|---|---|---|---|---|---|---|---|---|---|---|
| Dewey Decimal Classification | Non-fiction | Central Library, University of Rajshahi | Central Library, University of Rajshahi | 10/08/1968 | Sweets & Zeitlinger | 172.00 | 632.7 MED 1962 | 19/11/2016 | C-2 | Books | |||||
| Dewey Decimal Classification | Not For Loan | Non-fiction | Central Library, University of Rajshahi | Central Library, University of Rajshahi | Reading Room | 06/02/1970 | Swets & zeitlinger | 182.00 | 632.7 MED 1962 | 15/01/2019 | C-1 | Books | |||
| Dewey Decimal Classification | Non-fiction | Central Library, University of Rajshahi | Central Library, University of Rajshahi | 06/02/1970 | Sweets & Zeitlinger | 0.00 | 632.7 MED 1962 | 07/02/2019 | C-3 | Books |